Statistics for Percy Jackson Quiz

Click here to take the quiz!

General Stats

  • This quiz has been taken 419 times
  • The average score is 13 of 13

Answer Stats

Hint Answer % Correct
Main characterPercy jackson
100%
The main character's girlfriendAnnabeth Chase
98%
^Godly parent^Athena
98%
The main characters best friend, a satyrGrover Underwood
98%
The titan trying to take over the worldKronos
98%
^Godly parent^Poseidon
97%
Demigod being possessed by KronosLuke Castellan
97%
A female demigod first introduced as a pine treeThalia Grace
96%
^Godly parent^Zeus
96%
Main character's half brotherTyson
96%
^Mortal parent^Sally Jackson
95%
^Godly parent^Hermes
95%
The satyr has a searchers license to look for what god?Pan
94%

Score Distribution

Percentile by Number Answered

Percent of People with Each Score

Your Score History

You have not taken this quiz